ბათუმის შოთა რუსთაველის სახელმწიფო უნივერსიტეტის ბიბლიოთეკა

ეტიუდები XIX საუკუნის ქართული ლიტერატურის ისტორიიდან / (ბიბ.ჩანაწერი № 55876)

000 -ლიდერი
ფიქსირებული სიგრძის საკონტროლო ველი 01342nam a2200253Ia 4500
001 - საკონტროლო ნომერი
საკონტროლო ველი 22974
003 - საკონტროლო ნომრის იდენტიფიკატორი
საკონტროლო ველი GE_BSU
005 - ბოლო ოპერაციის თარიღი და დრო
საკონტროლო ველი 20230608115017.0
008 - ფიქსირებული სიგრძის მონაცემთა ელემენტები - ზოგადი ინფორმაცია
ფიქსირებული სიგრძის საკონტროლო ველი 181216s||||||||xx |||||||||||||| ||und||
040 ## - კატალოგიზაციის წყარო
Transcribing agency GE_BSU
041 ## - ენის კოდი
Language code of text/sound track or separate title geo
080 ## - უნივერსალური ათობითი კლასიფიკაციის ინდექსი
Universal Decimal Classification number 821.353.1.09 ა-1
100 ## - მთავარი ჩანაწერი - პიროვნების სახელი
Personal name აბაშიძე, კ.
9 (RLIN) 3737
245 ## - ცნობა სათაურის შესახებ
Title ეტიუდები XIX საუკუნის ქართული ლიტერატურის ისტორიიდან /
Statement of responsibility, etc კ. აბაშიძე ; დ. გამეზარდაშვილის რედ. და შესავ. წერილით.
264 ## - წარმოების, გამოცემის, დისტრიბუციის და სხვა ცნობები
გამოცემის, წარმოების, დისტრიბუციის... ადგილი თბილისი :
გამოცემის, წარმოების, დისტრიბუციის... სახელწოდება თბილ. უნ-ტის გამ-ბა,
გამოცემის, წარმოების, დისტრიბუციის... თარიღი 1962.
300 ## - ფიზიკური აღწერა
Extent 452გვ. :
Other physical details 1ფ. პორტრ. ;
Dimensions 23 სმ
504 ## - BIBLIOGRAPHY, ETC. NOTE
Bibliography, etc ბიბლიოგრაფია შენიშვნებში
520 ## - SUMMARY, ETC.
Summary, etc ბიბლიოგრ. შენიშვნებში.
653 ## - INDEX TERM--UNCONTROLLED
Uncontrolled term ეტიუდები XIX საუკუნის ქართული ლიტერატურის ისტორიიდან
653 ## - INDEX TERM--UNCONTROLLED
Uncontrolled term ქართული ლიტერატურის (XIX ს.) ისტორი
700 ## - ADDED ENTRY--PERSONAL NAME
Personal name გამეზარდაშვილი, დ.
Relator term რედაქტორი
9 (RLIN) 4468
942 ## - ADDED ENTRY ELEMENTS (KOHA)
Koha item type წიგნი
Source of classification or shelving scheme
ეგზემპლარები
ჩამოწერის სტატუსი დაკარგული ეგზემპლარის სტატუსი კლასიფიკაციის წყარო ან თაროზე გაწყობის სქემა დაზიანების სტატუსი არ გაიცემა მუდმივი მდებარეობა (დაცვის ადგილი) ამჟამინდელი ადგილსამყოფელი თაროზე განთავსების ადგილი შეძენის თარიღი ღირებულება, შესყიდვის ნორმალური ფასი სრული შენახვის შიფრი შტრიხკოდი ბოლო ოპერაციის თარიღი ეგზემპლარის მიმდევრობითი ნომერი (კეტერი?) ფასის ძალაში შესვლის თარიღი ეგზემპლარის სახეობა საჯარო შენიშვნა
          ბათუმის შოთა რუსთაველის სახელმწიფო უნივერსიტეტის მთავარი ბიბლიოთეკა ბათუმის შოთა რუსთაველის სახელმწიფო უნივერსიტეტის მთავარი ბიბლიოთეკა წიგნსაცავი 2018-12-17 4.88 821.353.1.09 ა-1 58371 2018-12-17 58371 2018-12-17 წიგნი 4.88 ₾.